| 000 | 01766nam0a2200349 4500 | ||
|---|---|---|---|
| 001 | RU\NLR\bibl\1951184 | ||
| 005 | 20260406110601.0 | ||
| 010 |
_a5-901496-05-01 _9500 |
||
| 035 | _a(NLR Aleph) 001940324 | ||
| 090 |
_a3556499 _c3556499 |
||
| 100 | _a20121003d2001 |||y0rusy50 ca | ||
| 101 | 0 | _arus | |
| 102 | _aRU | ||
| 105 | _aa ||||||||| | ||
| 200 | 1 |
_aВосторг _e[стихи и проза _eизбранные произведений] _fВалерий Штормовой _g[ред.: З.А. Ли _gхудож.: Д.С. Паныч и В.А. Сабадаш] |
|
| 210 |
_aСиверский _c[б. и.] _d2001 |
||
| 215 |
_a233 с. _cил., портр. _d17 |
||
| 225 | 1 | _aПоэтов Сиверское братство | |
| 300 | _aВ послесл. авт.: Валерий Штормовой поэт. Валерий Сабадаш имя в миру | ||
| 327 | 1 | _aСодерж.: Восторг: стихи; Исторические этюды; проза: Граф Сиверс и Сиверская; Курьезы одного царствования; Павел I и масоны; Живописец из Сиверского; Вопевшие Белогорку; Сильнее рока | |
| 686 | _aШ6(2=Р)75я44 | ||
| 700 | 1 |
_4070 _7ca _8rus _aШтормовой _bВ. _f1952- _gВалерий _946301 _3RU\NLR\auth\7763372 |
|
| 702 | 1 |
_4340 _7ca _8rus _aТян-Ли _cпсевдоним _993087 _3RU\NLR\AUTH\77110162 |
|
| 702 | 1 |
_aПаныч _bД. С. _4040 |
|
| 702 | 1 |
_4040 _7ca _8rus _aШтормовой _bВ. _f1952- _gВалерий _946301 _3RU\NLR\auth\7763372 |
|
| 801 | 0 |
_aRU _bNLR _c20121003 _gRCR |
|
| 801 | 1 |
_aRU _bNLR _c20121003 |
|
| 830 | _aавт. по базе | ||
| 942 | _cBOOK | ||
| 980 | _aNB | ||